Datum a čas kvízu
28
Celkem bodů
Celkový počet nahraných bodů na tomto kvízu bez doplňovacích otázek.
4.
Pořadí na kvízu
Konečné umístění týmu na tomto kvízu.
Zaznamenané odpovědi
| # | Otázka | Odpověď | Body | Výsledky |
|---|---|---|---|---|
| 1. | Karlovu univerzitu poprvé v hi... | Milena Králíčková | 0 | |
| 2. | Jistá evropská metropole si zř... | Vídeň | 0 | |
| 3. | Minulý čtvrtek měl v českých k... | Duna | 1 | |
| 4. | Firma Apple opět vzbudila pozo... | čisticí hadřík | 1 | |
| 5. | Minulý týden začal nový ročník... | Vít Krejčí | 0 | |
| 6. | Toto téma začneme manželkami k... | 1C 2D 3B 4A | 0 | |
| 7. | Přesuneme se ke Králi popu. Ja... | The Jackson 5 | 1 | |
| 8. | Jak se nazývá klub, za který h... | West Ham United FC | 1 | |
| 9. | Mnoho deskových her využívá kr... | Shogi | 0 | |
| 10. | V roce 2021 streamovací platfo... | Král Šamanů (Shaman King) | 0 |